Apley's Concise System of Orthopaedics and Fractures (Record no. 249762)

MARC details
000 -LEADER
fixed length control field 00472pam a2200169a 44500
008 - FIXED-LENGTH DATA ELEMENTS--GENERAL INFORMATION
fixed length control field 230405s2005 xxu||||| |||| 00| 0 eng d
020 ## - INTERNATIONAL STANDARD BOOK NUMBER
International Standard Book Number 0340809841
Terms of availability Rs. 472.64
082 ## - DEWEY DECIMAL CLASSIFICATION NUMBER
Classification number 616.7
Item number SOL
100 ## - MAIN ENTRY--PERSONAL NAME
Personal name Solomon,Louis
245 ## - TITLE STATEMENT
Title Apley's Concise System of Orthopaedics and Fractures
250 ## - EDITION STATEMENT
Edition statement 3 rd Ed.
260 ## - PUBLICATION, DISTRIBUTION, ETC.
Place of publication, distribution, etc. London
Name of publisher, distributor, etc. Hodder Arnold Publication
Date of publication, distribution, etc. 2005
300 ## - PHYSICAL DESCRIPTION
Extent 406 p
700 ## - ADDED ENTRY--PERSONAL NAME
Personal name Nayagam,Selvadurai
700 ## - ADDED ENTRY--PERSONAL NAME
Personal name Warwick,David J.
906 ## - LOCAL DATA ELEMENT F, LDF (RLIN)
a 001001

No items available.